Southville International School and Colleges
Your cart is empty.
  • Cart
  • Lists
    Public lists Eva Luna New books Lux_list list_1
    Your lists Log in to create your own lists
  • Log in to your account
  • Your cookies
  • Search history
Southville International School and Colleges
  • Advanced search
  • Recent comments
  • Most popular
  • Libraries

Log in to your account

Log in with GOOGLE


If you do not have an external account, but do have a local account, you can still log in:

  1. Home
  2. MARC view: Business studies
Normal view MARC view ISBD view

Business studies (Record no. 2172)

[ view plain ]
MARC details
000 -LEADER
fixed length control field 00575nam a22002177a 4500
003 - CONTROL NUMBER IDENTIFIER
control field OSt
005 - DATE AND TIME OF LATEST TRANSACTION
control field 20160106121844.0
008 - FIXED-LENGTH DATA ELEMENTS--GENERAL INFORMATION
fixed length control field 130308t xxu||||| |||| 00| 0 eng d
020 ## - INTERNATIONAL STANDARD BOOK NUMBER
International Standard Book Number 9781405892315
050 ## - LIBRARY OF CONGRESS CALL NUMBER
Classification number HF 1002
Item number .H174 2010
082 ## - DEWEY DECIMAL CLASSIFICATION NUMBER
Classification number IB 658.002
Item number H14 2008
100 ## - MAIN ENTRY--PERSONAL NAME
Personal name Hall, Dave.
245 ## - TITLE STATEMENT
Title Business studies
Statement of responsibility, etc Dave Hall, ... et. al.
250 ## - EDITION STATEMENT
Edition statement 4th Ed.
260 ## - PUBLICATION, DISTRIBUTION, ETC. (IMPRINT)
Place of publication, distribution, etc Harlow, Essex :
Name of publisher, distributor, etc Pearson education,
Date of publication, distribution, etc c2010.
300 ## - PHYSICAL DESCRIPTION
Extent iv, 812 p. :
Other physical details col. : ill. ;
Dimensions 27 cm .
650 ## - SUBJECT ADDED ENTRY--TOPICAL TERM
Topical term or geographic name as entry element Business
942 ## - ADDED ENTRY ELEMENTS (KOHA)
Source of classification or shelving scheme Library of Congress Classification
Koha item type Books
Holdings
Withdrawn status Lost status Source of classification or shelving scheme Damaged status Home library Current library Shelving location Date acquired Total Checkouts Total Renewals Full call number Barcode Date last seen Date checked out Copy number Price effective from Koha item type Checked out
    Library of Congress Classification   Luxembourg Library Luxembourg Library International Baccalaureate Section 06/22/2013 17 110 HF 1002 .H174 2010 IB0048 06/05/2020 04/09/2020 1 10/03/2013 Books  
    Library of Congress Classification   Luxembourg Library Luxembourg Library International Baccalaureate Section 06/22/2013 12 69 HF 1002 .H174 2010 IB0073 11/15/2018 11/15/2018 2 06/22/2013 Books 06/20/2019

Business studies

APA

Hall D., . (2010). Business studies. Harlow, Essex: Pearson education.

Chicago

Hall Dave, . 2010. Business studies. Harlow, Essex: Pearson education.

Harvard

Hall D., . (2010). Business studies. Harlow, Essex: Pearson education.

MLA

Hall Dave, . Business studies. Harlow, Essex: Pearson education. 2010.

  • Place hold
  • Print
  • Cite
  • Add to your cart (remove)
  • Save record
    BIBTEX Dublin Core MARCXML MARC (non-Unicode/MARC-8) MARC (Unicode/UTF-8) MARC (Unicode/UTF-8, Standard) MODS (XML) RIS
  • More searches
    Search for this title in:
    Other Libraries (WorldCat) Other Databases (Google Scholar) Online Stores (Bookfinder.com) Open Library (openlibrary.org)

Exporting to Dublin Core...

SOUTHVILLE LIBRARY

Southville International School and Colleges Library

1281 Tropical Ave. Cor. Luxembourg St., BF Homes International, Las Pinas City

Tel. No. 8256374 / 252358 Loc. 117/146

Powered by Koha